[Event "FIDE OPEN Stare Mesto 2021 B"]
[Site "Stare Mesto, CZE"]
[Date "2021.08.13"]
[Round "1.1"]
[White "Sumsal, Vaclav"]
[Black "Stary, Simon"]
[Result "1-0"]
[WhiteElo "1845"]
[BlackElo "1143"]
[PlyCount "45"]
[EventDate "2021.08.13"]

1. Nf3 d5 2. d4 Nc6 3. g3 Nf6 4. Bg2 Bf5 5. O-O e6 6. c3 Bd6 7. Nbd2 Qd7 8. Qa4
O-O-O 9. c4 Rdg8 10. c5 Be7 11. b4 b6 12. b5 Na5 13. Ne5 Qe8 14. Nb3 Bc2 15.
Nc6 Nxc6 16. bxc6 Kb8 17. Ba3 h5 18. Rac1 Bxb3 19. axb3 Qc8 20. Ra1 Bd8 21.
cxb6 cxb6 22. Bd6+ Bc7 23. Qxa7# 1-0

[Event "FIDE OPEN Stare Mesto 2021 B"]
[Site "Stare Mesto, CZE"]
[Date "2021.08.13"]
[Round "1.2"]
[White "Babula, Tomas"]
[Black "Ludvicek, Josef"]
[Result "0-1"]
[WhiteElo "1030"]
[BlackElo "1732"]
[PlyCount "94"]
[EventDate "2021.08.13"]

1. d4 d5 2. Bf4 Nf6 3. Nc3 c6 4. Nf3 Qb6 5. b3 Bf5 6. e3 Nbd7 7. Bd3 Bg6 8. O-O
e6 9. Re1 Rc8 10. Ne2 c5 11. Rc1 c4 12. Bxg6 hxg6 13. Ne5 Nxe5 14. Bxe5 Ba3 15.
Rb1 Qa6 16. Ng3 b5 17. e4 O-O 18. exd5 Nxd5 19. Qg4 Nc3 20. Ra1 Bb2 21. Nh5
Rfd8 22. Rf1 Bxa1 23. Rxa1 Qb7 24. f3 Ne2+ 25. Kf1 Nxd4 26. Bxd4 Rxd4 27. Qxd4
gxh5 28. Rb1 cxb3 29. cxb3 Qc7 30. a4 bxa4 31. bxa4 Qc4+ 32. Qxc4 Rxc4 33. a5
Ra4 34. Rb5 g6 35. g3 Kg7 36. h4 Ra2 37. Kg1 Kf6 38. f4 a6 39. Rc5 Ke7 40. Kf1
Kd6 41. Rg5 Kc6 42. Re5 Rb2 43. Rg5 Rb5 44. Rxb5 Kxb5 45. Ke2 Kxa5 46. Kd2 Kb4
47. Kc2 Kc4 0-1

[Event "Stare Mesto 2021"]
[Site "?"]
[Date "2021.08.14"]
[Round "2.1"]
[White "Nemec, David"]
[Black "Kraus, Tomas"]
[Result "0-1"]
[WhiteElo "2055"]
[BlackElo "2468"]
[PlyCount "92"]
[EventDate "2021.??.??"]

1. e4 c5 2. Nf3 d6 3. d4 cxd4 4. Nxd4 Nf6 5. Nc3 Nc6 6. Be2 e5 7. Nb3 Be7 8.
Be3 Be6 9. O-O O-O 10. f3 a5 11. Nd5 Bxd5 12. exd5 Nb4 13. c4 Nd7 14. Qd2 b6
15. a3 Na6 16. Nc1 a4 17. b4 axb3 18. Nxb3 h6 19. Qc2 Bg5 20. Bf2 Qc7 21. Bd3
Bf6 22. Be4 g6 23. h4 Rac8 24. Rac1 Qd8 25. g3 Kg7 26. Kg2 Be7 27. Rh1 f5 28.
Bd3 h5 29. Qd2 Bf6 30. Be3 Rf7 31. Bb1 Qe8 32. Bh6+ Kg8 33. Bg5 Bg7 34. g4 Nac5
35. Nxc5 Nxc5 36. Rcf1 Ra8 37. gxf5 gxf5 38. Qb4 Ra6 39. Bc1 Qd8 40. Rfg1 e4
41. Rf1 Raa7 42. Bf4 Ra4 43. Qb5 Rxa3 44. Qc6 Bf8 45. fxe4 Rc7 46. Qb5 Rb3 0-1

[Event "Stare Mesto 2021"]
[Site "?"]
[Date "2021.08.14"]
[Round "2.2"]
[White "Zpevak, Pavel"]
[Black "Travnicek, Krystof Mikulas"]
[Result "1-0"]
[WhiteElo "2350"]
[BlackElo "2072"]
[PlyCount "81"]
[EventDate "2021.??.??"]

1. d4 Nf6 2. c4 e6 3. Nf3 Bb4+ 4. Bd2 Qe7 5. g3 Nc6 6. Nc3 Bxc3 7. Bxc3 Ne4 8.
Rc1 O-O 9. Bg2 d6 10. d5 Nxc3 11. Rxc3 Nb8 12. dxe6 fxe6 13. O-O Nd7 14. Nd4
Nf6 15. Nc2 e5 16. Ne3 Rb8 17. Nd5 Qd8 18. Qd2 Bf5 19. Nxf6+ gxf6 20. Bxb7 Kh8
21. Bg2 Qe7 22. b3 Rb6 23. Rfc1 Rd8 24. h3 a5 25. Re3 Ra6 26. Kh2 Be6 27. Rd3
Rb8 28. Bd5 Bf5 29. Re3 Qf8 30. Rf3 Bg6 31. Rfc3 Rd8 32. Bg2 Qe7 33. Qe3 Qf8
34. Be4 Bf7 35. Bf5 Qe7 36. Qe4 Be8 37. Rd1 Bc6 38. Qh4 Rb8 39. Be4 Be8 40. Rf3
Bc6 41. Bxc6 1-0

[Event "Stare Mesto 2021"]
[Site "?"]
[Date "2021.08.14"]
[Round "2.3"]
[White "Sudrich, Radek"]
[Black "Svanda, Ondrej"]
[Result "0-1"]
[WhiteElo "2033"]
[BlackElo "2312"]
[PlyCount "50"]
[EventDate "2021.??.??"]

1. d4 Nf6 2. c4 e6 3. Nf3 d5 4. Nc3 Nbd7 5. Bg5 c6 6. e3 h6 7. Bh4 g5 8. Bg3
Nh5 9. cxd5 Nxg3 10. hxg3 exd5 11. Bd3 Bg7 12. Qc2 Qe7 13. Bf5 Nb6 14. Bxc8
Nxc8 15. O-O Nd6 16. Qa4 O-O 17. Rae1 f5 18. Nd2 h5 19. f4 g4 20. Kf2 Kf7 21.
b4 h4 22. Rh1 hxg3+ 23. Kxg3 Rh8 24. Kf2 Rxh1 25. Rxh1 Re8 0-1

[Event "Stare Mesto 2021"]
[Site "?"]
[Date "2021.08.14"]
[Round "2.4"]
[White "Husek, Martin"]
[Black "Vrtal, Jaroslav"]
[Result "1-0"]
[WhiteElo "2241"]
[BlackElo "2037"]
[PlyCount "39"]
[EventDate "2021.??.??"]

1. e4 c5 2. Nf3 d6 3. d4 cxd4 4. Nxd4 Nf6 5. Nc3 a6 6. Bg5 e6 7. f4 Be7 8. Qf3
O-O 9. O-O-O Qc7 10. Bd3 Nbd7 11. Rhe1 Rb8 12. e5 dxe5 13. fxe5 Nxe5 14. Rxe5
Nd7 15. Bxe7 Nxe5 16. Bxh7+ Kxh7 17. Qh5+ Kg8 18. Bxf8 Kxf8 19. Qh8+ Ke7 20.
Nf5+ 1-0

[Event "Stare Mesto 2021"]
[Site "?"]
[Date "2021.08.14"]
[Round "2.5"]
[White "Vodak, Rostislav"]
[Black "Slovak, Kilian"]
[Result "0-1"]
[WhiteElo "1999"]
[BlackElo "2209"]
[PlyCount "66"]
[EventDate "2021.??.??"]

1. c4 Nf6 2. Nc3 g6 3. g3 Bg7 4. Bg2 O-O 5. d4 d6 6. e3 Nc6 7. Nge2 Bd7 8. O-O
e5 9. d5 Nb8 10. Qc2 a5 11. Bd2 Na6 12. Rac1 Nc5 13. e4 Nh5 14. b3 f5 15. a3 a4
16. b4 Nb3 17. Rcd1 f4 18. f3 fxg3 19. hxg3 Nxd2 20. Qxd2 Bf6 21. Qe1 g5 22.
Rd3 Kh8 23. Kh2 Rg8 24. Bh3 Nf4 25. gxf4 Bxh3 26. Kxh3 exf4 27. Nd4 Bxd4 28.
Rxd4 Qd7+ 29. Kh2 g4 30. Rd3 Rg6 31. e5 Rag8 32. e6 gxf3 33. Rdxf3 Qg7 0-1

[Event "Stare Mesto 2021"]
[Site "?"]
[Date "2021.08.14"]
[Round "2.6"]
[White "Sramek, Vojtech"]
[Black "Hurtak, Otto"]
[Result "1/2-1/2"]
[WhiteElo "2203"]
[BlackElo "2015"]
[PlyCount "80"]
[EventDate "2021.??.??"]

1. e4 c5 2. Nf3 g6 3. d4 cxd4 4. Nxd4 Bg7 5. Be3 Nf6 6. Nc3 Nc6 7. Bc4 O-O 8.
Bb3 d6 9. f3 Bd7 10. Qd2 Nxd4 11. Bxd4 b5 12. a4 bxa4 13. Bxa4 Bxa4 14. Rxa4
Qb8 15. O-O Rc8 16. Kh1 Qb7 17. Rfa1 a6 18. b3 Rc6 19. R1a2 e6 20. Ne2 Rac8 21.
Rb4 Qe7 22. c4 d5 23. e5 Nd7 24. f4 f6 25. Rb7 fxe5 26. Bxe5 Bxe5 27. fxe5 Qf7
28. Ra1 R6c7 29. Rxc7 Rxc7 30. cxd5 exd5 31. e6 Qxe6 32. Nf4 Qf7 33. Nxd5 Rb7
34. b4 Nf6 35. Nxf6+ Qxf6 36. Rd1 Qe7 37. Qa2+ Kg7 38. Qa1+ Qf6 39. Qxf6+ Kxf6
40. Rd6+ Ke5 1/2-1/2

[Event "Stare Mesto 2021"]
[Site "?"]
[Date "2021.08.14"]
[Round "2.7"]
[White "Nytra, Petr"]
[Black "Vybiral, Zdenek"]
[Result "1-0"]
[WhiteElo "1941"]
[BlackElo "2184"]
[PlyCount "57"]
[EventDate "2021.??.??"]

1. e4 e6 2. d4 d5 3. Nd2 a6 4. Bd3 c5 5. Ngf3 Nc6 6. c3 cxd4 7. cxd4 dxe4 8.
Nxe4 Bb4+ 9. Bd2 Nf6 10. O-O O-O 11. Nxf6+ gxf6 12. Bh6 Re8 13. Ne5 f5 14. Qh5
Qf6 15. Bg5 Qg7 16. Rac1 Nxe5 17. dxe5 Bd7 18. Qh4 Bc6 19. Rxc6 bxc6 20. Be2
Ra7 21. Bf6 Be7 22. f4 Bxf6 23. exf6 Qf8 24. Rf3 Qc5+ 25. Kf1 Qc1+ 26. Kf2 Qc5+
27. Ke1 Qa5+ 28. Kf1 Rea8 29. Qh6 1-0

[Event "Stare Mesto 2021"]
[Site "?"]
[Date "2021.08.14"]
[Round "2.8"]
[White "Lajbl, Jan"]
[Black "Balazec, Ludovit"]
[Result "1-0"]
[WhiteElo "2176"]
[BlackElo "1925"]
[PlyCount "87"]
[EventDate "2021.??.??"]

1. e4 c5 2. Nf3 e6 3. Nc3 Nc6 4. g3 d5 5. exd5 exd5 6. Bg2 d4 7. Qe2+ Be7 8.
Ne4 d3 9. cxd3 Bg4 10. h3 Nd4 11. Qd1 Bxf3 12. Bxf3 Qd7 13. O-O Nh6 14. Re1 O-O
15. Nc3 Rfe8 16. Bg2 Bf8 17. Re3 Rad8 18. b3 Nhf5 19. Re4 Nd6 20. Rxe8 Rxe8 21.
Ne4 b6 22. Bb2 f5 23. Ng5 Ne2+ 24. Kh2 Nb5 25. Nf3 Bd6 26. a4 Nbd4 27. Nxd4
Nxd4 28. Bxd4 cxd4 29. Bd5+ Kh8 30. Qf3 Qc7 31. Bc6 Rf8 32. Re1 f4 33. g4 g6
34. Qd5 f3+ 35. Kh1 Rf4 36. Re8+ Bf8 37. Rd8 Qe7 38. Kh2 Qf6 39. g5 Qe7 40. Rd7
Qe1 41. Kg3 Bg7 42. Rd8+ Bf8 43. Kxf4 Qxd2+ 44. Kg3 1-0

[Event "Stare Mesto 2021"]
[Site "?"]
[Date "2021.08.14"]
[Round "2.9"]
[White "Uricar, Zdenek"]
[Black "Babula, Vlastimil"]
[Result "1/2-1/2"]
[WhiteElo "1917"]
[BlackElo "2167"]
[PlyCount "118"]
[EventDate "2021.??.??"]

1. e4 c5 2. Nf3 d6 3. Bb5+ Nd7 4. d4 cxd4 5. Nxd4 a6 6. Bxd7+ Bxd7 7. O-O Nf6
8. Qe2 g6 9. c4 Bg7 10. Nc3 O-O 11. h3 Rc8 12. Be3 e5 13. Nb3 b5 14. cxb5 axb5
15. Qd3 b4 16. Nb5 d5 17. Bc5 Rb8 18. Nd6 Nxe4 19. Nxe4 dxe4 20. Qd2 Re8 21.
Bd6 Rb5 22. Rfd1 Qh4 23. Qe2 Rb6 24. Bc7 Bb5 25. Qe1 Rbe6 26. Qxb4 Bc6 27. Qe1
Bh6 28. Nc5 e3 29. Nxe6 Rxe6 30. Bd8 Qe4 31. f3 Qc2 32. Ba5 Bf4 33. Rac1 Qxb2
34. Rb1 Qxa2 35. Ra1 Qc2 36. Rac1 Qf5 37. Qe2 Qg5 38. Be1 e4 39. Rxc6 Rxc6 40.
fxe4 Qe5 41. Qd3 Rc8 42. Rb1 h5 43. Qd7 Rb8 44. Rxb8+ Qxb8 45. Qd3 Qb2 46. Kf1
Kh7 47. Qc4 Qf6 48. Ke2 h4 49. Bc3 Be5 50. Be1 Bg3 51. Bxg3 hxg3 52. Kxe3 Qf2+
53. Kd3 Qf1+ 54. Kd4 Qd1+ 55. Ke3 Qg1+ 56. Kd3 Qf1+ 57. Kd4 Qf2+ 58. Kd3 f6 59.
Qc2 Qb6 1/2-1/2

[Event "Stare Mesto 2021"]
[Site "?"]
[Date "2021.08.14"]
[Round "2.10"]
[White "Kostka, Vit"]
[Black "Matus, Filip"]
[Result "1-0"]
[WhiteElo "2145"]
[BlackElo "1903"]
[PlyCount "71"]
[EventDate "2021.??.??"]

1. e4 c5 2. Nf3 d6 3. d4 cxd4 4. Nxd4 Nf6 5. Nc3 a6 6. h3 e6 7. g4 Be7 8. g5
Nfd7 9. Be3 b5 10. a3 Bb7 11. h4 Nc6 12. Qd2 Qc7 13. O-O-O Nc5 14. f3 b4 15.
axb4 Nxb4 16. Kb1 Qa5 17. Bc4 Rc8 18. Nb3 Qc7 19. Nxc5 dxc5 20. h5 Rd8 21. Qg2
Rxd1+ 22. Rxd1 Qc6 23. Qg4 Bc8 24. g6 hxg6 25. hxg6 f6 26. Qg3 Qb7 27. Na4 Qa7
28. Qg1 Nc6 29. Nxc5 Bxc5 30. Bxc5 Qb7 31. Qg2 Bd7 32. Rh1 Rg8 33. Qh3 Qc8 34.
Bxa6 Qa8 35. Bb7 Qb8 36. Bxc6 1-0

[Event "Stare Mesto 2021"]
[Site "?"]
[Date "2021.08.14"]
[Round "2.11"]
[White "Mostek, Jan"]
[Black "Kapusta, Petr"]
[Result "1-0"]
[WhiteElo "1898"]
[BlackElo "2145"]
[PlyCount "95"]
[EventDate "2021.??.??"]

1. d4 Nf6 2. Nf3 g6 3. Bg5 Bg7 4. c3 O-O 5. Nbd2 d5 6. e3 Nbd7 7. Be2 Re8 8.
O-O e5 9. Bh4 e4 10. Ne1 c5 11. Nc2 c4 12. b3 b5 13. a4 cxb3 14. Nxb3 bxa4 15.
Rxa4 Nb6 16. Ra2 Be6 17. Qa1 Re7 18. Nb4 Qe8 19. Na5 Nc4 20. Nxc4 dxc4 21. d5
Bf5 22. Bxc4 Rc7 23. Nc6 Bd7 24. Bxf6 Bxf6 25. Bb5 Qf8 26. Qb1 Rb7 27. Ra6 Bxc3
28. Qb3 Qc5 29. Rb1 Rab8 30. Nxb8 Bxb5 31. Nd7 Qc7 32. Nf6+ Bxf6 33. Rxf6 Qe5
34. Rf4 Bc6 35. Qc2 Rxb1+ 36. Qxb1 Bxd5 37. h4 h6 38. Qb4 Kg7 39. Qb5 Qe6 40.
Qb2+ f6 41. g4 Qe5 42. Qb5 Qd6 43. Qa5 a6 44. Qc3 Qe5 45. Qc5 Bb7 46. Qb6 Qe7
47. Qd4 Qe5 48. Qd7+ 1-0

[Event "Stare Mesto 2021"]
[Site "?"]
[Date "2021.08.14"]
[Round "2.12"]
[White "Shanel, Jaroslav"]
[Black "Machacek, Jan"]
[Result "0-1"]
[WhiteElo "2135"]
[BlackElo "1891"]
[PlyCount "94"]
[EventDate "2021.??.??"]

1. e4 c5 2. Nf3 d6 3. b3 Nf6 4. Nc3 e6 5. Bb2 Be7 6. g3 Nc6 7. Bg2 d5 8. exd5
exd5 9. d4 Bg4 10. Ne2 Qb6 11. O-O O-O-O 12. a4 Rhe8 13. h3 Bxf3 14. Bxf3 Ne4
15. Bxe4 dxe4 16. d5 Nb4 17. Nc3 f5 18. a5 Qh6 19. Kg2 Bf6 20. a6 b6 21. d6 Re6
22. Qe2 Rexd6 23. Qc4 Nxc2 24. Nxe4 Bxb2 25. Nxd6+ Qxd6 26. Qxc2 Bxa1 27. Qxf5+
Qd7 28. Qf3 Qd5 29. Qxd5 Rxd5 30. Rxa1 Rd3 31. Rb1 Kd7 32. Kf1 Kc6 33. Ke2 Rd7
34. Ra1 Kb5 35. Ra4 Rd4 36. Rxd4 cxd4 37. Kd3 Kxa6 38. Kxd4 Kb5 39. Kc3 Kc5 40.
f4 a5 41. f5 Kd5 42. g4 b5 43. Kd3 Ke5 44. Ke3 h5 45. gxh5 Kxf5 46. Kd4 Kg5 47.
Kc5 a4 0-1

[Event "Stare Mesto 2021"]
[Site "?"]
[Date "2021.08.14"]
[Round "2.13"]
[White "Bambuch, Tomas"]
[Black "Horvath, Tomas"]
[Result "1/2-1/2"]
[WhiteElo "1337"]
[BlackElo "2080"]
[PlyCount "74"]
[EventDate "2021.??.??"]

1. e4 e5 2. Nf3 Nc6 3. Nc3 Nf6 4. d4 exd4 5. Nxd4 Bb4 6. Nxc6 bxc6 7. Bd3 d5 8.
exd5 cxd5 9. O-O O-O 10. Qf3 h6 11. h3 Be6 12. Bf4 c5 13. Rfd1 Kh8 14. Nb5 Ne8
15. c4 a6 16. cxd5 Bxd5 17. Be4 axb5 18. Rxd5 Qb6 19. a3 c4 20. Be3 Qa6 21. Bd4
Nd6 22. Rxd6 Qxd6 23. Bxa8 Qxd4 24. axb4 Qxb2 25. Qa3 c3 26. Be4 f5 27. Bd3 Qd2
28. Bxb5 Rb8 29. Ba4 c2 30. Bxc2 Qxc2 31. Rc1 Qe4 32. f3 Qxb4 33. Qxb4 Rxb4 34.
Rc5 f4 35. h4 Kg8 36. Kh2 g6 37. Kh3 h5 1/2-1/2

[Event "Stare Mesto 2021"]
[Site "?"]
[Date "2021.08.14"]
[Round "2.15"]
[White "Tomecek, Marian"]
[Black "Neuman, Petr"]
[Result "0-1"]
[WhiteElo "1310"]
[BlackElo "2402"]
[PlyCount "44"]
[EventDate "2021.??.??"]

1. Nf3 g6 2. g3 Bg7 3. Bg2 e5 4. e4 c5 5. b3 Nc6 6. Bb2 Nge7 7. O-O O-O 8. d3
f5 9. exf5 gxf5 10. c3 d5 11. Na3 Ng6 12. Qc2 Kh8 13. Rad1 Be6 14. Bc1 h6 15.
Bd2 Qd7 16. b4 cxb4 17. cxb4 a6 18. Qc1 f4 19. Nc2 Rac8 20. Qb1 b5 21. a3 Bg4
22. Rfe1 fxg3 0-1

[Event "Stare Mesto 2021"]
[Site "?"]
[Date "2021.08.14"]
[Round "2.16"]
[White "Vokac, Marek"]
[Black "Antal, Jakub"]
[Result "1-0"]
[WhiteElo "2370"]
[BlackElo "1940"]
[PlyCount "83"]
[EventDate "2021.??.??"]

1. Nf3 Nf6 2. b3 c5 3. Bb2 g6 4. g3 b6 5. Bg2 Bb7 6. O-O Bg7 7. e3 O-O 8. d4 d6
9. c4 Nbd7 10. Nc3 Ne4 11. Qc2 Nxc3 12. Bxc3 Qc7 13. d5 Bxc3 14. Qxc3 b5 15.
Rfd1 Nb6 16. e4 bxc4 17. bxc4 Ba6 18. Bf1 Qd7 19. e5 Qa4 20. Re1 Nd7 21. e6
fxe6 22. Rxe6 Rxf3 23. Qxf3 Ne5 24. Rxe5 dxe5 25. d6 Rd8 26. Qd5+ Kf8 27. dxe7+
Kxe7 28. Qxe5+ Kf7 29. Re1 Re8 30. Qc7+ Kg8 31. Rxe8+ Qxe8 32. Qxa7 Qc8 33. Bh3
Qxh3 34. Qxa6 Qf5 35. Qa8+ Kg7 36. Qb7+ Kh6 37. a4 Qc2 38. a5 Kg5 39. a6 h5 40.
h4+ Kg4 41. Kg2 g5 42. Qf3# 1-0

[Event "FIDE OPEN Stare Mesto 2021 A"]
[Site "Stare Mesto, CZE"]
[Date "2021.08.14"]
[Round "2.17"]
[White "Kunc, Miroslav"]
[Black "Knotek, Josef"]
[Result "1/2-1/2"]
[WhiteElo "1439"]
[BlackElo "1949"]
[PlyCount "104"]
[EventDate "2021.08.13"]

1. e4 c5 2. c3 d5 3. exd5 Qxd5 4. Nf3 Nc6 5. h3 e5 6. Qb3 Qxb3 7. axb3 f6 8. d3
Be6 9. c4 Nge7 10. Be2 Nf5 11. Be3 Nfd4 12. Nxd4 cxd4 13. Bd2 Bb4 14. O-O Bf5
15. f4 e4 16. dxe4 Bxe4 17. Bxb4 Nxb4 18. Nd2 f5 19. Bf3 Bc6 20. Rfe1+ Kf7 21.
Re5 g6 22. Rae1 Rhe8 23. Rxe8 Rxe8 24. Rxe8 Kxe8 25. Be2 Be4 26. Kf2 b6 27. Nf3
Nc6 28. Ne1 Ke7 29. Nd3 a5 30. Ne1 Kd6 31. g4 Kc5 32. Nd3+ Bxd3 33. Bxd3 Ne7
34. Ke2 Kb4 35. Bc2 b5 36. Kd3 bxc4+ 37. bxc4 Kc5 38. b3 h6 39. Kd2 fxg4 40.
hxg4 g5 41. fxg5 hxg5 42. Kd3 Nc6 43. Ke4 a4 44. bxa4 Kxc4 45. Kf5 Nb4 46. Bd1
Nd5 47. Kxg5 d3 48. Bf3 d2 49. a5 Kb5 50. Kf5 Ne3+ 51. Kf6 Nxg4+ 52. Bxg4 Kxa5
1/2-1/2

[Event "FIDE OPEN Stare Mesto 2021 A"]
[Site "Stare Mesto, CZE"]
[Date "2021.08.14"]
[Round "2.18"]
[White "Kopecky, Matej"]
[Black "Krizek, Frantisek"]
[Result "0-1"]
[WhiteElo "1532"]
[BlackElo "1921"]
[PlyCount "52"]
[EventDate "2021.08.13"]

1. e4 c6 2. d4 d5 3. e5 Bf5 4. g4 Be4 5. f3 Bg6 6. e6 Qd6 7. exf7+ Bxf7 8. Bd3
Nd7 9. Ne2 e5 10. c3 O-O-O 11. Bg5 Re8 12. Nd2 Be7 13. Bxe7 Qxe7 14. Qc2 exd4
15. O-O-O dxc3 16. Nxc3 Ngf6 17. g5 Nh5 18. h4 g6 19. Nb3 Ne5 20. Be2 Kb8 21.
Nd4 Nf4 22. Rhe1 Ng2 23. Qb3 c5 24. Nxd5 cxd4 25. Bc4 Qc5 26. Nf6 Qxc4+ 0-1

[Event "FIDE OPEN Stare Mesto 2021 A"]
[Site "Stare Mesto, CZE"]
[Date "2021.08.14"]
[Round "2.19"]
[White "Prazak, Daniel"]
[Black "Blazek, Tomas"]
[Result "1-0"]
[WhiteElo "1982"]
[BlackElo "1591"]
[PlyCount "59"]
[EventDate "2021.08.13"]

1. e4 e5 2. Nf3 Nc6 3. d4 exd4 4. Nxd4 Bc5 5. Nb3 Bb6 6. Nc3 d6 7. Qe2 Be6 8.
Be3 Nf6 9. O-O-O Qe7 10. h3 O-O-O 11. Bxb6 axb6 12. g4 Rhe8 13. Bg2 Bxb3 14.
axb3 d5 15. Rhe1 d4 16. Nb5 Qe5 17. Na3 Nd5 18. exd5 Qxe2 19. Rxe2 Rxe2 20.
dxc6 bxc6 21. Bxc6 Rxf2 22. Nb5 Rf4 23. c3 d3 24. Nd4 Rd6 25. Bb5 d2+ 26. Rxd2
c5 27. Nf5 Rxd2 28. Kxd2 g6 29. Ke3 g5 30. Ne7+ 1-0

[Event "FIDE OPEN Stare Mesto 2021 A"]
[Site "Stare Mesto, CZE"]
[Date "2021.08.14"]
[Round "2.20"]
[White "Bata, Jiri"]
[Black "Krupica, Pavel"]
[Result "0-1"]
[WhiteElo "1593"]
[BlackElo "1897"]
[PlyCount "104"]
[EventDate "2021.08.13"]

1. e4 c5 2. c3 d5 3. e5 d4 4. d3 Nc6 5. f4 g6 6. Nf3 Bg7 7. Be2 e6 8. c4 Nge7
9. Nbd2 b6 10. Ne4 O-O 11. O-O h5 12. Nd6 Bd7 13. Ng5 f6 14. exf6 Bxf6 15. Nde4
Nf5 16. Bxh5 gxh5 17. Qxh5 Qe7 18. Rf3 Be8 19. Qh3 Bg6 20. g4 Ng7 21. Qh6 Bxe4
22. Nxe4 Ne8 23. g5 Bh8 24. Rg3 Bg7 25. Qh5 Rf5 26. Rh3 Kf8 27. Qh7 Qf7 28. g6
Qg8 29. Qh4 Nf6 30. Ng5 Ne7 31. Nh7+ Ke8 32. Qg3 Kd7 33. Qg2 Rb8 34. Bd2 Qe8
35. Rg3 Qc8 36. Re1 Qb7 37. Qe2 Qc6 38. Ng5 Re8 39. Nf7 Nh5 40. Rg4 Ng8 41. Rf1
Kc7 42. Rg5 Ngf6 43. Ne5 Qb7 44. b3 Bh6 45. Rxf5 exf5 46. Qd1 Bf8 47. Rf3 Bd6
48. Nf7 Rg8 49. Nxd6 Kxd6 50. Qe1 Rxg6+ 51. Rg3 Nxg3 52. hxg3 Qe7 0-1

[Event "FIDE OPEN Stare Mesto 2021 A"]
[Site "Stare Mesto, CZE"]
[Date "2021.08.14"]
[Round "2.21"]
[White "Vylicil, Adam"]
[Black "Beinhauer, Bernard"]
[Result "1-0"]
[WhiteElo "1884"]
[BlackElo "1575"]
[PlyCount "91"]
[EventDate "2021.08.13"]

1. d4 Nf6 2. c4 g6 3. h4 Bg7 4. Nc3 d5 5. h5 O-O 6. hxg6 fxg6 7. cxd5 Nxd5 8.
e4 Nxc3 9. bxc3 c5 10. Bc4+ e6 11. Nf3 Nc6 12. Bh6 Bxh6 13. Rxh6 Rf4 14. Qd2
Rxe4+ 15. Kf1 Ne5 16. dxe5 Qxd2 17. Nxd2 Rxe5 18. Re1 Rxe1+ 19. Kxe1 Kg7 20.
Rh3 b6 21. Re3 Bb7 22. f3 Bd5 23. Bxd5 exd5 24. Re7+ Kh6 25. Kf2 Rd8 26. Rxa7
d4 27. cxd4 Rxd4 28. Ne4 c4 29. Rb7 c3 30. Rxb6 Rc4 31. Rb1 c2 32. Rc1 g5 33.
g4 Kg6 34. Ke2 h5 35. gxh5+ Kxh5 36. Kd3 Ra4 37. Rxc2 Ra3+ 38. Nc3 Kh4 39. Rg2
Ra8 40. Ne4 Ra3+ 41. Nc3 Ra8 42. Rg4+ Kh5 43. a4 Rf8 44. Ke3 Rb8 45. Ne4 Rb3+
46. Kf2 1-0

[Event "FIDE OPEN Stare Mesto 2021 A"]
[Site "Stare Mesto, CZE"]
[Date "2021.08.14"]
[Round "2.22"]
[White "Delgerdalai, Bayarjavkhlan"]
[Black "Babula, Matej"]
[Result "1-0"]
[WhiteElo "1876"]
[BlackElo "1537"]
[PlyCount "107"]
[EventDate "2021.08.13"]

1. e4 e5 2. Nf3 Nc6 3. d4 exd4 4. Nxd4 Bc5 5. Nb3 Bb6 6. Qe2 d6 7. Nc3 Nf6 8.
Be3 Be6 9. O-O-O Qe7 10. h3 O-O-O 11. Bxb6 axb6 12. g4 Ne5 13. g5 Nfd7 14. f4
Nc6 15. Bg2 Nc5 16. h4 Rhe8 17. Rhe1 f5 18. exf5 Bxf5 19. Bxc6 Qxe2 20. Bxb7+
Kxb7 21. Rxe2 Rxe2 22. Nxe2 Bg4 23. Nxc5+ bxc5 24. Kd2 Re8 25. Re1 Re4 26. Ng3
Rxf4 27. Re4 Rxe4 28. Nxe4 Kc6 29. Ke3 d5 30. Nf2 Bf5 31. c3 Bb1 32. a3 c4 33.
Nh3 Kb5 34. Nf4 c6 35. Ne6 g6 36. Nf8 Ka4 37. Kd2 Kb3 38. Kc1 Bf5 39. Nxh7 c5
40. Nf6 d4 41. a4 Kxa4 42. Ne8 Kb3 43. Nd6 Bg4 44. Ne4 dxc3 45. bxc3 Be2 46.
Kd2 Bf3 47. Nxc5+ Ka3 48. Ke3 Bd5 49. Nd7 Bf7 50. Ne5 Be8 51. h5 gxh5 52. g6
Bxg6 53. Nxg6 Kb3 54. Kd4 1-0

[Event "FIDE OPEN Stare Mesto 2021 A"]
[Site "Stare Mesto, CZE"]
[Date "2021.08.14"]
[Round "2.23"]
[White "Vodak, Vojtech"]
[Black "Vaculik, Martin"]
[Result "0-1"]
[WhiteElo "1587"]
[BlackElo "1862"]
[PlyCount "96"]
[EventDate "2021.08.13"]

1. d4 Nf6 2. Bf4 g6 3. Nf3 d6 4. c3 Bg7 5. e3 O-O 6. h3 Nfd7 7. Bg3 e5 8. dxe5
Nxe5 9. Nxe5 dxe5 10. Bd3 Be6 11. O-O c6 12. Qc2 Nd7 13. Rd1 Qc7 14. Nd2 Nc5
15. Bc4 Qe7 16. Bxe6 Qxe6 17. Nf3 f5 18. b3 Rad8 19. Bh2 Qe7 20. Rac1 e4 21.
Nd4 Nd3 22. Rb1 Be5 23. Bxe5 Qxe5 24. Rd2 Rd6 25. Rbd1 g5 26. Ne2 Rg6 27. Nc1
Nxc1 28. Qxc1 f4 29. Rd8 h5 30. Rxf8+ Kxf8 31. Rd4 Rd6 32. Qd1 Rxd4 33. Qxd4
Qxd4 34. cxd4 Ke7 35. Kf1 Ke6 36. Ke2 h4 37. f3 Kd5 38. Kd2 a5 39. a3 b5 40.
exf4 gxf4 41. fxe4+ Kxd4 42. b4 axb4 43. axb4 Kxe4 44. Ke2 Kd4 45. Kf3 c5 46.
bxc5 Kxc5 47. Kxf4 Kd4 48. g4 hxg3 0-1

[Event "FIDE OPEN Stare Mesto 2021 A"]
[Site "Stare Mesto, CZE"]
[Date "2021.08.14"]
[Round "2.24"]
[White "Stehlik, Jiri"]
[Black "Hyks, Jan"]
[Result "1-0"]
[WhiteElo "1847"]
[BlackElo "1533"]
[PlyCount "63"]
[EventDate "2021.08.13"]

1. c4 e5 2. Nc3 Nc6 3. g3 Bb4 4. Nd5 Be7 5. Bg2 f5 6. d3 Nf6 7. Nf3 O-O 8. O-O
d6 9. Rb1 Be6 10. Ne1 Kh8 11. b4 Bxd5 12. cxd5 Nb8 13. Qb3 Nbd7 14. Nf3 b5 15.
Ng5 Nb6 16. Ne6 Qd7 17. Nxf8 Rxf8 18. Be3 f4 19. Bxb6 axb6 20. Ra1 Qg4 21. Qc2
Bd8 22. Qd2 h5 23. Kh1 h4 24. h3 Qg5 25. g4 Nxg4 26. hxg4 Qxg4 27. Kh2 g5 28.
Bh3 Qh5 29. f3 Qf7 30. Be6 Qf6 31. Rg1 Kg7 32. Rxg5+ 1-0

[Event "FIDE OPEN Stare Mesto 2021 A"]
[Site "Stare Mesto, CZE"]
[Date "2021.08.14"]
[Round "2.25"]
[White "Zadrapa, Jakub"]
[Black "Vicar, Lubomir"]
[Result "0-1"]
[WhiteElo "1570"]
[BlackElo "1826"]
[PlyCount "84"]
[EventDate "2021.08.13"]

1. e4 d5 2. exd5 Nf6 3. d4 Nxd5 4. Nf3 g6 5. c4 Nb6 6. Nc3 Bg7 7. c5 Nd5 8. Bc4
c6 9. Qb3 e6 10. O-O O-O 11. Re1 Nd7 12. Bg5 Qc7 13. Bh4 b6 14. Bg3 Qb7 15. Bd6
Rd8 16. Ne4 bxc5 17. Qxb7 Bxb7 18. dxc5 a5 19. Rad1 a4 20. Re2 h6 21. Red2 Kh7
22. Kf1 f5 23. Ng3 e5 24. Re2 e4 25. Nd4 Ne5 26. Bxd5 cxd5 27. Rc2 Ba6+ 28.
Nge2 Nd3 29. b3 Bxd4 30. Nxd4 Nb4+ 31. Ke1 Nxc2+ 32. Nxc2 axb3 33. axb3 Bd3 34.
Nb4 Re8 35. Kd2 d4 36. Nxd3 Ra2+ 37. Kc1 exd3 38. b4 Ree2 39. Kb1 Rab2+ 40. Ka1
Ra2+ 41. Kb1 Reb2+ 42. Kc1 d2+ 0-1

[Event "FIDE OPEN Stare Mesto 2021 A"]
[Site "Stare Mesto, CZE"]
[Date "2021.08.14"]
[Round "2.26"]
[White "Kasparek, Ondrej"]
[Black "Hornak, Ondrej"]
[Result "1/2-1/2"]
[WhiteElo "1789"]
[BlackElo "1525"]
[PlyCount "119"]
[EventDate "2021.08.13"]

1. e4 c6 2. Nc3 d5 3. Nf3 dxe4 4. Nxe4 Bg4 5. Bc4 e6 6. d4 Nd7 7. Bf4 Ngf6 8.
Ng3 Qb6 9. O-O Bxf3 10. Qxf3 Qxd4 11. Bd3 Bd6 12. Be3 Qg4 13. Ne4 Qxf3 14.
Nxd6+ Ke7 15. gxf3 Kxd6 16. Rfd1 Ke7 17. c4 b6 18. Rd2 Rad8 19. Rad1 Ne5 20.
Be2 Rxd2 21. Rxd2 Rd8 22. a4 Rxd2 23. Bxd2 c5 24. a5 Nc6 25. axb6 axb6 26. Bd1
Ne8 27. Kf1 Nd6 28. b3 Nd4 29. Bc3 Kf6 30. Bxd4+ cxd4 31. Ke2 Kg5 32. Kd3 e5
33. b4 Nb7 34. Ke4 Kf6 35. Kd5 Ke7 36. Kxe5 d3 37. Kd4 d2 38. Kd3 Nd6 39. Bb3
b5 40. cxb5 Nxb5 41. Kxd2 f6 42. Kd3 f5 43. Kc4 Na3+ 44. Kc5 Kf6 45. b5 Nxb5
46. Kxb5 Kg5 47. Bc4 Kf4 48. Be2 g5 49. Kc4 h5 50. Kd3 g4 51. fxg4 fxg4 52. Kd4
h4 53. Bxg4 Kxg4 54. Ke4 Kh3 55. f4 Kxh2 56. f5 Kg1 57. f6 h3 58. f7 h2 59.
f8=Q h1=Q+ 60. Qf3 1/2-1/2